[Event "I Memorial Vanderley Cason Melo"]
[Site "Campinas BRA"]
[Date "2010.01.19"]
[Round "5.3"]
[White "Name, Gabriel Ricardo S"]
[Black "Mekhitarian, Krikor Sevag"]
[Result "1/2-1/2"]
[WhiteElo "2170"]
[BlackElo "2486"]
[PlyCount "105"]
[EventDate "2010.01.16"]
[EventType "tourn"]
[EventRounds "1"]
[EventCountry "BRA"]
[EventCategory "8"]
[Source "lmi"]
[SourceDate "2010.01.16"]

1. Nf3 c5 2. c4 Nc6 3. Nc3 e5 4. g3 g6 5. Bg2 Bg7 6. O-O d6 7. d3 Nge7 8. Ne1
Be6 9. Nc2 d5 10. cxd5 Nxd5 11. Ne3 Nde7 12. Bd2 O-O 13. Rc1 b6 14. Qa4 Rc8 15.
Nc4 Qd7 16. Rfe1 Rfd8 17. Ne4 f6 18. Bh6 Bh8 19. Be3 Rb8 20. Qc2 Nd4 21. Qb1
Nd5 22. Bd2 Bg7 23. b3 h6 24. e3 Nc6 25. f4 f5 26. Nf2 exf4 27. gxf4 Rbc8 28.
a3 b5 29. Na5 Nxa5 30. Bxa5 Re8 31. Bxd5 Bxd5 32. Bc3 Bxc3 33. Rxc3 b4 34. axb4
cxb4 35. Rxc8 Rxc8 36. Rc1 Rxc1+ 37. Qxc1 Qc6 38. Qxc6 Bxc6 39. e4 Bd7 40. d4
fxe4 41. Nxe4 Be6 42. d5 Bf5 43. d6 Kf7 44. Nc5 g5 45. fxg5 hxg5 46. Kf2 Ke8
47. Ke3 Bh7 48. Kd4 Bg8 49. Ke5 a5 50. Kf6 g4 51. Kg5 a4 52. bxa4 b3 53. Nxb3
1/2-1/2

[Event "I Memorial Vanderley Cason Melo"]
[Site "Campinas BRA"]
[Date "2010.01.19"]
[Round "5.4"]
[White "Matsuura, Everaldo"]
[Black "Fier, Alexandr"]
[Result "0-1"]
[WhiteElo "2467"]
[BlackElo "2601"]
[PlyCount "148"]
[EventDate "2010.01.16"]
[EventType "tourn"]
[EventRounds "1"]
[EventCountry "BRA"]
[EventCategory "8"]
[Source "lmi"]
[SourceDate "2010.01.16"]

1. c4 Nf6 2. Nf3 g6 3. g3 d6 4. Bg2 Bg7 5. O-O O-O 6. Nc3 Nc6 7. d3 Bd7 8. Rb1
Nh5 9. Bd2 e6 10. Qc1 f5 11. b4 Qe7 12. b5 Nd8 13. a4 Nf7 14. a5 Rab8 15. Na2
h6 16. Nb4 g5 17. Bc3 e5 18. Nd5 Qd8 19. Qb2 Rc8 20. Nd2 c6 21. Nb4 c5 22. Nd5
Rb8 23. e3 g4 24. f4 gxf3 25. Nxf3 Ng5 26. Nh4 Kh7 27. Qe2 Nf6 28. Nxf6+ Rxf6
29. Rf2 Qe7 30. Kh1 Be6 31. d4 Ne4 32. Bxe4 fxe4 33. dxe5 Rxf2 34. Qxf2 dxe5
35. Qg2 Kg8 36. Qxe4 Qf7 37. Qg6 Bxc4 38. Qxf7+ Kxf7 39. Kg1 Rd8 40. b6 a6 41.
Nf5 Bf8 42. e4 Ke6 43. Kf2 Bd3 44. Re1 h5 45. Kf3 c4 46. g4 hxg4+ 47. Kxg4 Bc5
48. Ng7+ Kf7 49. Nf5 Bd4 50. Bb4 Rd7 51. h4 c3 52. Kf3 c2 53. Nxd4 Rxd4 54. Bd2
Bb5 55. Be3 Rd1 56. Kf2 Kg6 57. Bg5 Kh5 58. Rg1 Be2 59. Re1 Bf3 60. Rg1 Bg4 61.
Re1 Bf3 62. Rg1 Bxe4 63. Re1 Rd4 64. Be3 Rd5 65. Bg5 Bf5 66. Ra1 Rd1 67. Rc1
Kg6 68. Be3 Kf6 69. h5 Ke6 70. h6 Kd5 71. Ke2 Kc4 72. Bd2 Kd4 73. Be3+ Kc3 74.
Bg5 Bd3+ 0-1

[Event "I Memorial Vanderley Cason Melo"]
[Site "Campinas BRA"]
[Date "2010.01.19"]
[Round "5.5"]
[White "Flores, Diego"]
[Black "Rodriguez Vila, Andres"]
[Result "1/2-1/2"]
[WhiteElo "2599"]
[BlackElo "2521"]
[PlyCount "24"]
[EventDate "2010.01.16"]
[EventType "tourn"]
[EventRounds "1"]
[EventCountry "BRA"]
[EventCategory "8"]
[Source "lmi"]
[SourceDate "2010.01.16"]

1. c4 c5 2. Nc3 Nc6 3. g3 g6 4. Bg2 Bg7 5. Nf3 Nf6 6. d4 cxd4 7. Nxd4 O-O 8.
O-O Qb6 9. Nc2 d6 10. b3 e6 11. Bb2 Rd8 12. e4 Ne5 1/2-1/2

[Event "I Memorial Vanderley Cason Melo"]
[Site "Campinas BRA"]
[Date "2010.01.19"]
[Round "5.6"]
[White "Stamenkovic, Dragan"]
[Black "El Debs, Felipe de Cresce"]
[Result "1/2-1/2"]
[WhiteElo "2394"]
[BlackElo "2480"]
[PlyCount "23"]
[EventDate "2010.01.16"]
[EventType "tourn"]
[EventRounds "1"]
[EventCountry "BRA"]
[EventCategory "8"]
[Source "lmi"]
[SourceDate "2010.01.16"]

1. d4 Nf6 2. Bg5 e6 3. Nf3 c5 4. e3 Be7 5. Bd3 b6 6. Nbd2 Bb7 7. c3 cxd4 8.
exd4 d6 9. Bxf6 Bxf6 10. Be4 Qc7 11. Qc2 Bxe4 12. Nxe4 1/2-1/2

[Event "I Memorial Vanderley Cason Melo"]
[Site "Campinas BRA"]
[Date "2010.01.19"]
[Round "5.7"]
[White "Saldaño Dayer, Horacio"]
[Black "Mareco, Sandro"]
[Result "1/2-1/2"]
[WhiteElo "2415"]
[BlackElo "2526"]
[PlyCount "35"]
[EventDate "2010.01.16"]
[EventType "tourn"]
[EventRounds "1"]
[EventCountry "BRA"]
[EventCategory "8"]
[Source "lmi"]
[SourceDate "2010.01.16"]

1. e4 c5 2. c3 d5 3. exd5 Qxd5 4. d4 Nf6 5. Nf3 e6 6. Be2 cxd4 7. cxd4 Be7 8.
O-O Nc6 9. Nc3 Qd6 10. Nb5 Qd8 11. Bf4 Nd5 12. Bg3 a6 13. Nc3 O-O 14. Rc1 Nf6
15. a3 b6 16. Bc4 Bb7 17. Ba2 Nh5 18. d5 1/2-1/2

[Event "I Memorial Vanderley Cason Melo"]
[Site "Campinas BRA"]
[Date "2010.01.19"]
[Round "6.1"]
[White "Santos, Marcus Vinicius M"]
[Black "Mareco, Sandro"]
[Result "0-1"]
[WhiteElo "2394"]
[BlackElo "2526"]
[PlyCount "58"]
[EventDate "2010.01.16"]
[EventType "tourn"]
[EventRounds "1"]
[EventCountry "BRA"]
[EventCategory "8"]
[Source "lmi"]
[SourceDate "2010.01.16"]

1. d4 Nf6 2. c4 e6 3. g3 d5 4. Nf3 dxc4 5. Bg2 a6 6. O-O b5 7. Ne5 Nd5 8. e4
Nf6 9. Nc3 Bb7 10. Be3 Be7 11. Qc2 O-O 12. a4 c6 13. Rfd1 Nbd7 14. Nf3 Rc8 15.
Bf4 b4 16. Ne2 c5 17. Ne5 Nxe5 18. dxe5 Nd7 19. Be3 a5 20. f4 Ba6 21. f5 Qe8
22. Bf4 Kh8 23. Bh3 Rd8 24. Rd2 Nb6 25. fxe6 fxe6 26. Bxe6 g5 27. Be3 Rf3 28.
Bf2 Rfd3 29. Rdd1 b3 0-1

[Event "I Memorial Vanderley Cason Melo"]
[Site "Campinas BRA"]
[Date "2010.01.19"]
[Round "6.2"]
[White "El Debs, Felipe de Cresce"]
[Black "Saldaño Dayer, Horacio"]
[Result "1-0"]
[WhiteElo "2480"]
[BlackElo "2415"]
[PlyCount "109"]
[EventDate "2010.01.16"]
[EventType "tourn"]
[EventRounds "1"]
[EventCountry "BRA"]
[EventCategory "8"]
[Source "lmi"]
[SourceDate "2010.01.16"]

1. Nf3 d5 2. d4 c5 3. c4 dxc4 4. Nc3 Nf6 5. e4 e6 6. Bxc4 Be7 7. Be3 O-O 8.
dxc5 Qa5 9. Nd2 Rd8 10. Qe2 Nbd7 11. O-O Nxc5 12. a3 Qc7 13. b4 Ncd7 14. Rac1
Ne5 15. Nb5 Qb8 16. f4 Nxc4 17. Rxc4 Ne8 18. Qf2 b6 19. Nd4 Bd7 20. Rfc1 Qb7
21. e5 Rac8 22. Qf3 Rxc4 23. Rxc4 Qa6 24. Rc3 h6 25. Qe4 b5 26. Qc2 Qb7 27.
N2b3 Qd5 28. Na5 Bf8 29. h3 a6 30. Nac6 Bxc6 31. Rxc6 g5 32. g3 Ng7 33. Qg2
Qxg2+ 34. Kxg2 gxf4 35. gxf4 Ra8 36. Rb6 Nf5 37. Nxf5 exf5 38. Kf3 a5 39. Rxb5
axb4 40. axb4 Ra3 41. Rb8 Kg7 42. Ke2 Rb3 43. b5 Rb2+ 44. Kd3 Rb3+ 45. Kd4 Ba3
46. Bd2 Rxh3 47. Bc3 Bc5+ 48. Kc4 Kg6 49. b6 Bxb6 50. Rxb6+ Kh5 51. Rf6 Kg4 52.
Bd2 Rh2 53. Kd3 h5 54. Rxf7 Rh3+ 55. Be3 1-0

[Event "I Memorial Vanderley Cason Melo"]
[Site "Campinas BRA"]
[Date "2010.01.19"]
[Round "6.3"]
[White "Rodriguez Vila, Andres"]
[Black "Stamenkovic, Dragan"]
[Result "1-0"]
[WhiteElo "2521"]
[BlackElo "2394"]
[PlyCount "53"]
[EventDate "2010.01.16"]
[EventType "tourn"]
[EventRounds "1"]
[EventCountry "BRA"]
[EventCategory "8"]
[Source "lmi"]
[SourceDate "2010.01.16"]

1. c4 Nf6 2. Nc3 c5 3. e3 Nc6 4. g4 h6 5. Bg2 d6 6. h3 e6 7. Nge2 Be7 8. d4 Bd7
9. O-O O-O 10. b3 Rb8 11. f4 cxd4 12. exd4 Nh7 13. Be3 a6 14. Rc1 Bh4 15. d5
exd5 16. cxd5 Ne7 17. Nd4 Re8 18. Qd2 f5 19. Ne6 Qa5 20. g5 Nf8 21. Nxg7 Kxg7
22. Qd4+ Kh7 23. Qf6 Neg6 24. Qf7+ Kh8 25. Bd4+ Ne5 26. fxe5 dxe5 27. gxh6 1-0

[Event "I Memorial Vanderley Cason Melo"]
[Site "Campinas BRA"]
[Date "2010.01.19"]
[Round "6.4"]
[White "Fier, Alexandr"]
[Black "Flores, Diego"]
[Result "1-0"]
[WhiteElo "2601"]
[BlackElo "2599"]
[PlyCount "89"]
[EventDate "2010.01.16"]
[EventType "tourn"]
[EventRounds "1"]
[EventCountry "BRA"]
[EventCategory "8"]
[Source "lmi"]
[SourceDate "2010.01.16"]

1. d4 Nf6 2. c4 g6 3. Nc3 Bg7 4. e4 d6 5. Nf3 O-O 6. Be2 e5 7. O-O Nc6 8. d5
Ne7 9. Ne1 Nd7 10. Nd3 f5 11. Bd2 Nf6 12. f3 f4 13. c5 g5 14. cxd6 cxd6 15. Nf2
h5 16. h3 Ng6 17. Qc2 Rf7 18. Rfc1 g4 19. fxg4 f3 20. Bxf3 hxg4 21. hxg4 Nh7
22. Nb5 Nh4 23. Nc7 Nxf3+ 24. gxf3 Qh4 25. Kg2 Rxf3 26. Kxf3 Bxg4+ 27. Nxg4
Rf8+ 28. Ke2 Qxg4+ 29. Kd3 b5 30. Nxb5 Qf3+ 31. Be3 Ng5 32. Nc3 Rc8 33. Qe2
Rxc3+ 34. Rxc3 Qxe4+ 35. Kd2 Nf3+ 36. Kc1 Qf5 37. Qc4 Kh7 38. Qc8 Qh5 39. Kb1
e4 40. a3 Qxd5 41. Qh3+ Kg6 42. Qg2+ Kh7 43. Rc7 Qd3+ 44. Ka2 Qd5+ 45. b3 1-0

[Event "I Memorial Vanderley Cason Melo"]
[Site "Campinas BRA"]
[Date "2010.01.19"]
[Round "6.5"]
[White "Mekhitarian, Krikor Sevag"]
[Black "Matsuura, Everaldo"]
[Result "0-1"]
[WhiteElo "2486"]
[BlackElo "2467"]
[PlyCount "78"]
[EventDate "2010.01.16"]
[EventType "tourn"]
[EventRounds "1"]
[EventCountry "BRA"]
[EventCategory "8"]
[Source "lmi"]
[SourceDate "2010.01.16"]

1. e4 c5 2. Nf3 Nc6 3. Bb5 d6 4. O-O Bd7 5. Re1 a6 6. Bf1 Bg4 7. h3 Bh5 8. c3
Nf6 9. d3 e6 10. Nbd2 Be7 11. g4 Bg6 12. Nh4 Nd7 13. Nxg6 hxg6 14. f4 Qc7 15.
Nf3 O-O-O 16. b4 d5 17. a3 dxe4 18. dxe4 Nde5 19. Qe2 Nd3 20. e5 Nxe1 21. Qxe1
Qd7 22. Be3 Qd5 23. Qf2 g5 24. Re1 gxf4 25. Bxf4 Qb3 26. bxc5 Qxa3 27. Be3 Qxc3
28. Rc1 Qa3 29. Rb1 Rd5 30. Rc1 Nxe5 31. Nd4 Bh4 32. Qf4 Bg5 33. Qxg5 Nf3+ 34.
Nxf3 Rxg5 35. Bxg5 Qxf3 36. Bg2 Qg3 37. c6 bxc6 38. Rxc6+ Kd7 39. Rc4 Rc8 0-1

[Event "I Memorial Vanderley Cason Melo"]
[Site "Campinas BRA"]
[Date "2010.01.19"]
[Round "6.7"]
[White "De Nucci, Gilberto"]
[Black "Zambrana, Oswaldo"]
[Result "0-1"]
[WhiteElo "2073"]
[BlackElo "2480"]
[PlyCount "44"]
[EventDate "2010.01.16"]
[EventType "tourn"]
[EventRounds "1"]
[EventCountry "BRA"]
[EventCategory "8"]
[Source "lmi"]
[SourceDate "2010.01.16"]

1. e4 c5 2. Nf3 d6 3. d4 cxd4 4. Nxd4 Nf6 5. Nc3 a6 6. Be2 e5 7. Nb3 Be7 8. O-O
O-O 9. a4 b6 10. f4 Bb7 11. Bf3 Nbd7 12. Qe1 Rc8 13. f5 Re8 14. Rf2 d5 15. exd5
e4 16. Be2 Bb4 17. Be3 Nxd5 18. Bd4 Qg5 19. Rd1 Ne5 20. Nxe4 Bxe1 21. Nxg5
Bxf2+ 22. Bxf2 Nf4 0-1

[Event "I Memorial Vanderley Cason Melo"]
[Site "Campinas BRA"]
[Date "2010.01.20"]
[Round "7.1"]
[White "Zambrana, Oswaldo"]
[Black "Santos, Marcus Vinicius M"]
[Result "1-0"]
[WhiteElo "2480"]
[BlackElo "2394"]
[PlyCount "31"]
[EventDate "2010.01.16"]
[EventType "tourn"]
[EventRounds "1"]
[EventCountry "BRA"]
[EventCategory "8"]
[Source "lmi"]
[SourceDate "2010.01.16"]

1. e4 e5 2. Nf3 Nc6 3. Bc4 Nf6 4. d3 d5 5. exd5 Nxd5 6. h3 Bc5 7. O-O O-O 8.
Re1 Nb6 9. Bb3 Qf6 10. Nc3 Qg6 11. Ne4 Be7 12. Ng3 Bd6 13. c3 Kh8 14. Nh4 Qf6
15. Ne4 Qe7 16. Qh5 1-0

[Event "I Memorial Vanderley Cason Melo"]
[Site "Campinas BRA"]
[Date "2010.01.20"]
[Round "7.2"]
[White "Name, Gabriel Ricardo S"]
[Black "De Nucci, Gilberto"]
[Result "1/2-1/2"]
[WhiteElo "2170"]
[BlackElo "2073"]
[PlyCount "26"]
[EventDate "2010.01.16"]
[EventType "tourn"]
[EventRounds "1"]
[EventCountry "BRA"]
[EventCategory "8"]
[Source "lmi"]
[SourceDate "2010.01.16"]

1. d4 Nf6 2. c4 c5 3. d5 e5 4. Nc3 d6 5. e4 Be7 6. Be2 O-O 7. Nf3 Bg4 8. O-O b6
9. a3 Nbd7 10. b4 Bxf3 11. Bxf3 Ne8 12. Rb1 Bg5 13. Bxg5 Qxg5 1/2-1/2

[Event "I Memorial Vanderley Cason Melo"]
[Site "Campinas BRA"]
[Date "2010.01.20"]
[Round "7.4"]
[White "Flores, Diego"]
[Black "Mekhitarian, Krikor Sevag"]
[Result "0-1"]
[WhiteElo "2599"]
[BlackElo "2486"]
[PlyCount "124"]
[EventDate "2010.01.16"]
[EventType "tourn"]
[EventRounds "1"]
[EventCountry "BRA"]
[EventCategory "8"]
[Source "lmi"]
[SourceDate "2010.01.16"]

1. c4 c5 2. Nc3 Nc6 3. g3 g6 4. Bg2 Bg7 5. Nf3 e5 6. a3 a5 7. d4 cxd4 8. Nb5 d6
9. e3 Nge7 10. exd4 exd4 11. Nfxd4 Nxd4 12. Nxd4 O-O 13. O-O d5 14. c5 Nc6 15.
Nb5 Be6 16. Bf4 Bxb2 17. Rb1 Be5 18. Bxe5 Nxe5 19. Nd6 Qc7 20. Qd4 Nc6 21. Qf6
Rab8 22. Rfe1 Qd8 23. Qxd8 Rfxd8 24. Nxb7 Rd7 25. Nd6 Rxb1 26. Rxb1 Kf8 27. Rd1
Ne7 28. f4 Rc7 29. Rc1 Nc6 30. Nb5 Rb7 31. a4 Ke7 32. Kf2 Nb4 33. Ke3 Bd7 34.
Bf1 Rb8 35. Kd4 Kf6 36. Nc3 Bc6 37. Bb5 Rd8 38. Nd1 Ke6 39. Nc3 Kd7 40. f5 gxf5
41. Rf1 Nc2+ 42. Kd3 Nb4+ 43. Kd2 d4 44. Ne2 Ke6 45. Nf4+ Ke5 46. Bxc6 Nxc6 47.
Re1+ Kf6 48. Rb1 Ne5 49. Rc1 Ke7 50. Nd3 f6 51. Rb1 Nc4+ 52. Ke2 Kd7 53. Rb7+
Kc6 54. Re7 Kd5 55. Nf4+ Kxc5 56. Rc7+ Kb4 57. Kd3 Ne5+ 58. Kd2 d3 59. Rb7+ Ka3
60. Ne6 Nc4+ 61. Kc3 d2 62. Nxd8 d1=Q 0-1

[Event "I Memorial Vanderley Cason Melo"]
[Site "Campinas BRA"]
[Date "2010.01.20"]
[Round "7.5"]
[White "Stamenkovic, Dragan"]
[Black "Fier, Alexandr"]
[Result "0-1"]
[WhiteElo "2394"]
[BlackElo "2601"]
[PlyCount "94"]
[EventDate "2010.01.16"]
[EventType "tourn"]
[EventRounds "1"]
[EventCountry "BRA"]
[EventCategory "8"]
[Source "lmi"]
[SourceDate "2010.01.16"]

1. d4 Nf6 2. Bg5 e6 3. Nf3 h6 4. Bh4 d6 5. Nbd2 g5 6. Bg3 Nh5 7. e3 Bg7 8. Bd3
Qe7 9. Ng1 Nxg3 10. hxg3 Nd7 11. c3 a6 12. Ne2 Nf6 13. Qc2 b5 14. a4 Rb8 15.
axb5 axb5 16. Ra7 O-O 17. e4 Ng4 18. Nf1 f5 19. f3 fxe4 20. Bxe4 Nf6 21. Ne3 d5
22. Bg6 Rb7 23. Rxb7 Bxb7 24. b4 Bc6 25. g4 Be8 26. O-O Kh8 27. Bxe8 Qxe8 28.
Ng3 c6 29. Re1 Qf7 30. Qa2 Qd7 31. Qc2 Qf7 32. Qa2 Qc7 33. Nef1 Re8 34. Qc2 Qf7
35. Re2 Bf8 36. Qb1 Bd6 37. Qe1 Kg8 38. Nd2 h5 39. Nxh5 Nxh5 40. gxh5 Qxh5 41.
Nf1 Kf7 42. Qb1 Rh8 43. Qa2 Qh1+ 44. Kf2 Kf6 45. Re1 g4 46. Re3 Rh2 47. Qa8
Qxg2+ 0-1

[Event "I Memorial Vanderley Cason Melo"]
[Site "Campinas BRA"]
[Date "2010.01.20"]
[Round "7.6"]
[White "Saldaño Dayer, Horacio"]
[Black "Rodriguez Vila, Andres"]
[Result "1-0"]
[WhiteElo "2415"]
[BlackElo "2521"]
[PlyCount "135"]
[EventDate "2010.01.16"]
[EventType "tourn"]
[EventRounds "1"]
[EventCountry "BRA"]
[EventCategory "8"]
[Source "lmi"]
[SourceDate "2010.01.16"]

1. e4 e6 2. d4 d5 3. Nd2 Nf6 4. e5 Nfd7 5. Bd3 c5 6. c3 Nc6 7. Ne2 cxd4 8. cxd4
f6 9. exf6 Nxf6 10. O-O Bd6 11. Nf3 Qc7 12. Bd2 O-O 13. Rc1 Ng4 14. Ng3 g6 15.
Qe2 Bd7 16. Bb5 Rae8 17. Bxc6 bxc6 18. Bc3 Qb8 19. Ne5 Nxe5 20. dxe5 Bc5 21.
Qd2 Rf7 22. b4 Bf8 23. a3 c5 24. bxc5 Bxc5 25. Bd4 Bxa3 26. Rb1 Qd8 27. Ra1 Bf8
28. Rxa7 Qh4 29. Rb1 Rc8 30. Rbb7 Rf4 31. Be3 Rb4 32. h3 Rxb7 33. Rxb7 Bc6 34.
Ra7 Bb5 35. Ne2 Bb4 36. Qd4 Qe4 37. Qxe4 dxe4 38. Nd4 Bc4 39. Bh6 Bc5 40. Rg7+
Kh8 41. Rd7 Bd5 42. Nc2 Bc6 43. Rd2 Bb5 44. Ne3 Bd3 45. Ng4 Bd4 46. Ra2 Rb8 47.
Kh2 Bb5 48. Be3 Bxe3 49. fxe3 Bc6 50. Ra7 Rb7 51. Ra8+ Kg7 52. Rc8 Bd7 53. Rd8
Ba4 54. Nf6 Rb3 55. Ra8 Bc6 56. Rc8 Bd5 57. Rc7+ Kf8 58. Nxh7+ Ke8 59. Nf6+ Kd8
60. Rd7+ Kc8 61. Rd6 Rxe3 62. Rxd5 exd5 63. e6 Kd8 64. e7+ Kxe7 65. Nxd5+ Kd6
66. Nxe3 Ke5 67. Kg3 Kd4 68. Kf2 1-0

[Event "I Memorial Vanderley Cason Melo"]
[Site "Campinas BRA"]
[Date "2010.01.20"]
[Round "7.7"]
[White "Mareco, Sandro"]
[Black "El Debs, Felipe de Cresce"]
[Result "1/2-1/2"]
[WhiteElo "2526"]
[BlackElo "2480"]
[PlyCount "51"]
[EventDate "2010.01.16"]
[EventType "tourn"]
[EventRounds "1"]
[EventCountry "BRA"]
[EventCategory "8"]
[Source "lmi"]
[SourceDate "2010.01.16"]

1. d4 d5 2. c4 c6 3. Nf3 Nf6 4. Nc3 dxc4 5. a4 Bf5 6. Ne5 e6 7. f3 c5 8. e4 Bg6
9. Be3 cxd4 10. Qxd4 Qxd4 11. Bxd4 Nfd7 12. Nxd7 Nxd7 13. Bxc4 a6 14. Rc1 Rc8
15. Ne2 Bb4+ 16. Kf2 O-O 17. h4 h5 18. Nf4 Kh7 19. Rhd1 e5 20. Nxg6 Kxg6 21.
Be3 Nc5 22. Rd6+ Kh7 23. Rb6 a5 24. b3 Rc7 25. Rd1 Nxa4 26. bxa4 1/2-1/2

[Event "I Memorial Vanderley Cason Melo"]
[Site "Campinas BRA"]
[Date "2010.01.21"]
[Round "8.1"]
[White "Santos, Marcus Vinicius M"]
[Black "El Debs, Felipe de Cresce"]
[Result "1/2-1/2"]
[WhiteElo "2394"]
[BlackElo "2480"]
[PlyCount "84"]
[EventDate "2010.01.16"]
[EventType "tourn"]
[EventRounds "1"]
[EventCountry "BRA"]
[EventCategory "8"]
[Source "lmi"]
[SourceDate "2010.01.16"]

1. d4 Nf6 2. Nf3 g6 3. c4 Bg7 4. g3 c6 5. Bg2 d5 6. Nbd2 O-O 7. O-O Qb6 8. b3
Bf5 9. Bb2 Ne4 10. e3 Nxd2 11. Qxd2 Be4 12. Rac1 Nd7 13. Ba3 Rfe8 14. Rfd1 a5
15. cxd5 Bxd5 16. Ne5 Bxe5 17. Bxd5 Bd6 18. Bxd6 exd6 19. Bg2 d5 20. Qc2 Qb4
21. Rb1 Nb6 22. Rdc1 Nc8 23. Bf1 Nd6 24. Bd3 a4 25. Qc5 Qxc5 26. dxc5 Ne4 27.
bxa4 Rxa4 28. Rc2 Ra7 29. Bxe4 Rxe4 30. Rbb2 Kf8 31. Kf1 Ke8 32. Ke2 Kd7 33.
Kd3 Kc7 34. Rc3 Rea4 35. Rcb3 h5 36. h4 f6 37. f3 Kc8 38. e4 dxe4+ 39. fxe4
Rxa2 40. Rxb7 Rxb7 41. Rxa2 Rb3+ 42. Kd4 Rb4+ 1/2-1/2

[Event "I Memorial Vanderley Cason Melo"]
[Site "Campinas BRA"]
[Date "2010.01.21"]
[Round "8.2"]
[White "Rodriguez Vila, Andres"]
[Black "Mareco, Sandro"]
[Result "0-1"]
[WhiteElo "2521"]
[BlackElo "2526"]
[PlyCount "104"]
[EventDate "2010.01.16"]
[EventType "tourn"]
[EventRounds "1"]
[EventCountry "BRA"]
[EventCategory "8"]
[Source "lmi"]
[SourceDate "2010.01.16"]

1. e4 c5 2. Nf3 e6 3. Qe2 Nc6 4. g3 g6 5. Bg2 Bg7 6. c3 Nge7 7. O-O O-O 8. Na3
e5 9. d3 d6 10. Nc4 h6 11. a4 Be6 12. Bd2 f5 13. b4 cxb4 14. cxb4 fxe4 15. dxe4
Rxf3 16. Bxf3 Nd4 17. Qd3 Nxf3+ 18. Qxf3 Bxc4 19. Rfc1 Be6 20. b5 d5 21. Bb4
dxe4 22. Qxe4 Qd5 23. f3 Nf5 24. Rc7 Nd4 25. Ra3 Qxe4 26. fxe4 b6 27. Bd6 Rd8
28. Be7 Rd7 29. Rxd7 Bxd7 30. Kf2 Bf8 31. Bxf8 Kxf8 32. Rc3 Ne6 33. Ke3 Ke7 34.
Rc1 Nc5 35. a5 Ne6 36. axb6 axb6 37. Ra1 Bxb5 38. Rb1 Nd4 39. Rb2 Kd6 40. h4 h5
41. Ra2 Bc6 42. Ra7 b5 43. Rg7 Be8 44. Rb7 b4 45. Rb8 Bc6 46. g4 hxg4 47. Rg8
b3 48. Rxg6+ Kc5 49. Rxg4 b2 50. Rg1 Kc4 51. h5 Be8 52. h6 Bg6 0-1

[Event "I Memorial Vanderley Cason Melo"]
[Site "Campinas BRA"]
[Date "2010.01.21"]
[Round "8.3"]
[White "Fier, Alexandr"]
[Black "Saldaño Dayer, Horacio"]
[Result "1/2-1/2"]
[WhiteElo "2601"]
[BlackElo "2415"]
[PlyCount "32"]
[EventDate "2010.01.16"]
[EventType "tourn"]
[EventRounds "1"]
[EventCountry "BRA"]
[EventCategory "8"]
[Source "lmi"]
[SourceDate "2010.01.16"]

1. e4 e5 2. Nf3 Nf6 3. Nxe5 d6 4. Nf3 Nxe4 5. d4 d5 6. Bd3 Nc6 7. O-O Be7 8.
Re1 Bg4 9. c4 Nf6 10. Nc3 Bxf3 11. Qxf3 Nxd4 12. Qd1 c6 13. Bg5 Ne6 14. Bxf6
Bxf6 15. cxd5 Bxc3 16. bxc3 Qxd5 1/2-1/2

[Event "I Memorial Vanderley Cason Melo"]
[Site "Campinas BRA"]
[Date "2010.01.21"]
[Round "8.4"]
[White "Mekhitarian, Krikor Sevag"]
[Black "Stamenkovic, Dragan"]
[Result "1-0"]
[WhiteElo "2486"]
[BlackElo "2394"]
[PlyCount "99"]
[EventDate "2010.01.16"]
[EventType "tourn"]
[EventRounds "1"]
[EventCountry "BRA"]
[EventCategory "8"]
[Source "lmi"]
[SourceDate "2010.01.16"]

1. e4 c5 2. Nf3 Nc6 3. d4 cxd4 4. Nxd4 Nf6 5. Nc3 d6 6. Bg5 e6 7. Qd2 Be7 8.
O-O-O Nxd4 9. Qxd4 O-O 10. f4 Qa5 11. Kb1 h6 12. h4 e5 13. Qd3 exf4 14. Bxf4
Be6 15. Be2 Rac8 16. Nd5 Bxd5 17. exd5 Qa4 18. c4 b5 19. Qb3 Qxb3 20. axb3 bxc4
21. Bxc4 Rfd8 22. Rhe1 Rc7 23. Bd2 Rb8 24. Ba5 Rd7 25. Rd2 Ng4 26. g3 Ne5 27.
Rc2 Bf6 28. Ka2 Rdb7 29. Ree2 h5 30. Ba6 Rxb3 31. Bc7 R3b6 32. Bxb8 Rxb8 33.
Rc7 Nf3 34. Rxa7 Bd4 35. Rae7 Be5 36. Rc2 Kf8 37. Rec7 Rb4 38. Rb7 Ra4+ 39. Kb3
Nd4+ 40. Kxa4 Nxc2 41. b4 Ne3 42. b5 Nxd5 43. b6 Bxg3 44. Bc4 Nxb6+ 45. Rxb6
Ke7 46. Rb7+ Kf6 47. Bxf7 g6 48. Be8 Bxh4 49. Rf7+ Ke6 50. Rf1 1-0

[Event "I Memorial Vanderley Cason Melo"]
[Site "Campinas BRA"]
[Date "2010.01.21"]
[Round "8.5"]
[White "Leitao, Rafael"]
[Black "Flores, Diego"]
[Result "1/2-1/2"]
[WhiteElo "2620"]
[BlackElo "2599"]
[PlyCount "23"]
[EventDate "2010.01.16"]
[EventType "tourn"]
[EventRounds "1"]
[EventCountry "BRA"]
[EventCategory "8"]
[Source "lmi"]
[SourceDate "2010.01.16"]

1. d4 Nf6 2. c4 g6 3. Nc3 Bg7 4. e4 d6 5. Bd3 O-O 6. Nge2 e5 7. d5 a5 8. h3 Na6
9. Be3 Nh5 10. Qd2 Nc5 11. Bc2 Qe7 12. O-O-O 1/2-1/2

[Event "I Memorial Vanderley Cason Melo"]
[Site "Campinas BRA"]
[Date "2010.01.21"]
[Round "8.6"]
[White "De Nucci, Gilberto"]
[Black "Matsuura, Everaldo"]
[Result "0-1"]
[WhiteElo "2073"]
[BlackElo "2467"]
[PlyCount "99"]
[EventDate "2010.01.16"]
[EventType "tourn"]
[EventRounds "1"]
[EventCountry "BRA"]
[EventCategory "8"]
[Source "lmi"]
[SourceDate "2010.01.16"]

1. d4 Nf6 2. c4 d6 3. Nc3 Nbd7 4. e4 e5 5. Nf3 g6 6. Bg5 Bg7 7. Be2 h6 8. Bh4
O-O 9. Qd2 exd4 10. Nxd4 Re8 11. O-O-O Nc5 12. f3 Nfxe4 13. Bxd8 Nxd2 14. Bxc7
Bxd4 15. Kxd2 Bxc3+ 16. bxc3 Bf5 17. Rhe1 b6 18. g4 Bd7 19. Kc1 Ba4 20. Rd2 Re3
21. Bxd6 Rae8 22. Bg3 Bc6 23. Bf2 Rxc3+ 24. Kb1 Bxf3 25. Bxf3 Rxe1+ 26. Bxe1
Rxf3 27. Bg3 f5 28. gxf5 gxf5 29. Bb8 Rc3 30. Bxa7 Rxc4 31. Rd6 Na4 32. Rxh6
Kg7 33. Rh3 Kg6 34. Bb8 f4 35. Rf3 Kf5 36. a3 Nc3+ 37. Kc2 Nd5+ 38. Kb3 b5 39.
Rh3 Ke4 40. Rh4 Rc3+ 41. Kb2 Rd3 42. Rh8 Ke3 43. h4 f3 44. Rf8 Ke2 45. Bg3 Ne3
46. h5 Nc4+ 47. Ka2 Rxa3+ 48. Kb1 Ra6 49. Rf5 b4 50. Rb5 0-1

[Event "I Memorial Vanderley Cason Melo"]
[Site "Campinas BRA"]
[Date "2010.01.21"]
[Round "8.7"]
[White "Zambrana, Oswaldo"]
[Black "Name, Gabriel Ricardo S"]
[Result "1-0"]
[WhiteElo "2480"]
[BlackElo "2170"]
[PlyCount "59"]
[EventDate "2010.01.16"]
[EventType "tourn"]
[EventRounds "1"]
[EventCountry "BRA"]
[EventCategory "8"]
[Source "lmi"]
[SourceDate "2010.01.16"]

1. e4 c6 2. d4 d5 3. Nd2 dxe4 4. Nxe4 Nd7 5. Ng5 e6 6. Bd3 Bd6 7. Ne4 Be7 8.
Nf3 Qc7 9. Qe2 Ngf6 10. Nxf6+ Nxf6 11. Ne5 a6 12. Bf4 Bd6 13. O-O c5 14. dxc5
Qxc5 15. Rad1 Bc7 16. Rfe1 O-O 17. Bg5 Ne8 18. Qe4 g6 19. Bh6 Ng7 20. Qc4 Qe7
21. Qc3 f6 22. Ng4 Rf7 23. Be3 Nf5 24. Bxf5 gxf5 25. Nh6+ Kg7 26. Bc5 Qe8 27.
Nxf5+ Kg6 28. Qf3 h5 29. Nh4+ Kg7 30. Qxh5 1-0